| 000 | 00820nam a22002777a 4500 | ||
|---|---|---|---|
| 003 | 0 | ||
| 005 | 20180703144118.0 | ||
| 008 | 0 | ||
| 010 | _aA-935965 | ||
| 020 |
_c00.00 _a8120003594 |
||
| 020 |
_c00.00 _a8120003608 |
||
| 035 | _aA-935965, A-935970 | ||
| 037 | _bCen Lib/Ret | ||
| 040 |
_aDPL _bEN _c0 |
||
| 082 |
_a796.07 _bKAM |
||
| 100 |
_aKamlesh, M.L. _924185 |
||
| 245 |
_aPsychology in physical education and sport / _cby M.L.Kamlesh |
||
| 250 | _a3rd ed | ||
| 260 |
_aNew Delhi _bMetropolitan Books Co. Pvt. Ltd _c1998 |
||
| 270 |
_a1,Netaji Subhash Marg _bNew Delhi _e110002 |
||
| 300 |
_axvi,447p. _c21cm(Hb) |
||
| 500 | _aIncludes index. | ||
| 650 |
_aSports--Psychological aspects _924186 |
||
| 650 |
_aPhysical education and training _922483 |
||
| 942 |
_2ddc _cEN _h796.07 _mKAM |
||
| 999 |
_c128710 _d128710 |
||